000 00897cam a2200289 i 4500
001 17925448
003 PILC
005 20150805142536.0
008 131101s2015 mau 001 0 eng
010 _a 2013042151
020 _a9780205946273 (Student Edition)
020 _a0205946275 (Student Edition)
040 _aDLC
_beng
_cDLC
_erda
_dDLC
042 _apcc
050 0 0 _aPN 4129.15
_b.F85 2015
082 0 0 _a808.5/1
100 1 _aFujishin, Randy.
245 1 4 _aThe natural speaker /
_cRandy Fujishin, West Valley College.
250 _aEighth Edition.
260 _aBoston :
_bPearson,
_c2014.
300 _axiv, 176 pages ;
_c23 cm
500 _aIncludes index.
650 0 _aPublic speaking.
906 _a7
_bcbc
_corignew
_d1
_eecip
_f20
_gy-gencatlg
942 _2lcc
_cBK
_kFOR
999 _c288338
_d288338